Newton's telecom dictionary: covering telecommunications, networking, information technologies, wired, wireless, satelitte, fiber, internet (Record no. 4810)
[ view plain ]
| 000 -LEADER | |
|---|---|
| fixed length control field | 00707 a2200193 4500 |
| 020 ## - INTERNATIONAL STANDARD BOOK NUMBER | |
| International Standard Book Number | 1-57820-319-8 |
| 040 ## - CATALOGING SOURCE | |
| Original cataloging agency | DLC |
| Language of cataloging | DLC |
| 082 ## - DEWEY DECIMAL CLASSIFICATION NUMBER | |
| Classification number | 621.3821 |
| 100 1# - MAIN ENTRY--PERSONAL NAME | |
| Personal name | Newton, Harry |
| 245 10 - TITLE STATEMENT | |
| Title | Newton's telecom dictionary: covering telecommunications, networking, information technologies, wired, wireless, satelitte, fiber, internet |
| Remainder of title | covering telecommunications, networking, information technologies, wired, wireless, satellite, fiber, internet |
| Statement of responsibility, etc. | Harry Newton |
| 250 ## - EDITION STATEMENT | |
| Edition statement | 22. ed. |
| 260 ## - PUBLICATION, DISTRIBUTION, ETC. | |
| Place of publication, distribution, etc. | San Francisco, Calif. : |
| Name of publisher, distributor, etc. | CMP, |
| Date of publication, distribution, etc. | 2006 |
| 650 #4 - SUBJECT ADDED ENTRY--TOPICAL TERM | |
| Topical term or geographic name entry element | Telecommunications |
| 650 #4 - SUBJECT ADDED ENTRY--TOPICAL TERM | |
| Topical term or geographic name entry element | Internet |
| 650 #4 - SUBJECT ADDED ENTRY--TOPICAL TERM | |
| Topical term or geographic name entry element | Telecommunication |
| 650 #4 - SUBJECT ADDED ENTRY--TOPICAL TERM | |
| Topical term or geographic name entry element | Dictionaries |
| 650 #4 - SUBJECT ADDED ENTRY--TOPICAL TERM | |
| Topical term or geographic name entry element | Internet |
| 942 ## - ADDED ENTRY ELEMENTS (KOHA) | |
| Koha item type | Book |
| Call number prefix | 621.3821 NEW |
| Source of classification or shelving scheme | |
| Withdrawn status | Lost status | Damaged status | Not for loan | Collection code | Permanent Location | Current Location | Shelving location | Date acquired | Source of acquisition | Cost, normal purchase price | Full call number | Barcode | Date last seen | Price effective from | Koha item type |
|---|---|---|---|---|---|---|---|---|---|---|---|---|---|---|---|
| Central Library (CL) | Central Library (CL) | General Stacks | 02/10/2007 | Progressive International Agencies | 2396.36 | 621.3821 NEW | SEECS008118 | 11/14/2012 | 01/05/2017 | Reference |
